00817nam a2200229 a 450000100100000000500170001000800410002702000150006804000250008308200210010810000170012924501550014626000320030130000200033349000290035350000340038250000530041650400300046970000290049970000300052883000290055800003548220200930074356.0111101s1973 mx 000 0 spa d a9682402352 aDO-SdBNPbspacBNPHU axxxxxxxbxxxxxxx1 aCohen, Jozef10aConducta y condicionamiento operantes /cJozef Cohen ; versión en español María Eugenia Linares ; revisión técnica Jorge Bernardo del Río. aMéxico :bTrillas,c1973. a87 p. ;c23 cm.1 aTemas de Psicologíav5 aIncluye índice alfabético aLa biblioteca posee la 4ta reimpresión de 1980 aBibliografía : p. 78-831 aLinares, María Eugenia1 aRío ,Jorge Bernardo del 0aTemas de Psicologían5